Normal view
MARC view
Entry Personal Name
001 - CONTROL NUMBER
- control field: 10576
003 - CONTROL NUMBER IDENTIFIER
- control field: dpl
005 - DATE AND TIME OF LATEST TRANSACTION
- control field: 20100811105456.0
008 - FIXED-LENGTH DATA ELEMENTS
- fixed length control field: 100811|||a|||||| | ||| d
040 ## - CATALOGING SOURCE
- Original cataloging agency: dpl
- Transcribing agency: dpl
100 ## - HEADING--PERSONAL NAME
- Personal name: محمّد زکریا ورک
670 ## - SOURCE DATA FOUND
- Source citation: Work cat.: (dpl)18779: 10564, نامور سائنسداں ابور یحان البیرونی /, 2007
670 ## - SOURCE DATA FOUND
- Source citation: Work cat.: (dpl)18779: 10564, نامور سائنسداں ابور یحان البیرونی /, 2007
